000 00345nam a2200157Ia 4500
001 19927
003 IN-NITTTR
005 20251114233229.0
008 251113s9999||||xx |||||||||||||| ||eng||
040 _beng
040 _cIN-NITTTR
041 _aeng
082 _a379.5 E82
245 0 _aEducation in Asia and the Pacific /
942 _2ddc
_cBK
999 _c22561
_d22561